书目信息 |
| 题名: |
低压电气设备运行与维修
|
|
| 作者: | 叶孔伟 主编 | |
| 分册: | ||
| 出版信息: | 北京 电子工业出版社 1998 |
|
| 页数: | 129页 | |
| 开本: | 26cm | |
| 丛书名: | ||
| 单 册: | ||
| 中图分类: | TM52 | |
| 科图分类: | ||
| 主题词: | 低压电器--电气设备--专业学校--教材 | |
| 电子资源: | ||
| ISBN: | 7-5053-4447-1 | |
| 000 | 00710nam0 2200241 450 | |
| 001 | 0100652608 | |
| 005 | 20020928000000.0 | |
| 010 | @a7-5053-4447-1@dCNY11.00 | |
| 011 | @a7-5053-4447-1 | |
| 100 | @a19980709d1998 em y0chiy0110 ea | |
| 101 | 0 | @achi |
| 102 | @aCN@b110000 | |
| 105 | @ay z 000yy | |
| 106 | @ar | |
| 200 | 1 | @a低压电气设备运行与维修@9Di Ya Dian Qi She Bei Yun Xing;Hang;Heng Yu Wei Xiu @f叶孔伟主编@b专著 |
| 210 | @a北京@c电子工业出版社@d1998 | |
| 215 | @a129页@d26cm | |
| 300 | @a职业学校机电类教材 | |
| 606 | 0 | @a低压电器@x电气设备@x专业学校@x教材 |
| 690 | @aTM52@v3 | |
| 701 | 0 | @a叶孔伟@9ye kong wei@4主编 |
| 801 | 0 | @aCN@bAiZhiMarc@c19980721 |
| 905 | @aBZT@dTM52@e2@f1@sTM52/2 | |
| 低压电气设备运行与维修/叶孔伟主编.-北京:电子工业出版社,1998 |
| 129页;26cm |
| 职业学校机电类教材 |
| ISBN 7-5053-4447-1:CNY11.00 |
| ● |
| 相关链接 |
|
|
|
正题名:低压电气设备运行与维修
索取号:TM52/2
 
预约/预借
| 序号 | 登录号 | 条形码 | 馆藏地/架位号 | 状态 | 备注 |
| 1 | 2000146473 | 2000146473 | 旧书回溯/ [索取号:TM52/2] | 在馆 |